| 000 | 006150000a22001930004500 | ||
|---|---|---|---|
| 090 |
_aAR _b02087 |
||
| 245 | 1 | 0 | _aAdaptive Polymorphism associated with multiple müllerian mimicry in Heliconius numata (<Lepid. Nymph.>) |
| 650 | 1 | 4 |
_aEntomología _94483 |
| 650 | 1 | 4 |
_aAnálisis genético _975159 |
| 650 | 1 | 4 |
_aMariposas _993025 |
| 650 | 1 | 4 |
_aEvolución _992797 |
| 651 | 4 |
_pAmérica del Sur _992749 |
|
| 653 |
_gHeliconius _eHeliconius numata |
||
| 041 | 0 | _aInglés | |
| 700 | 1 |
_aBenson, Woodruff W. _995542 |
|
| 100 | 1 |
_aBrown, Keith S. _914369 |
|
| 942 | _cARTICULO | ||
| 773 | 1 |
_tBiotropica _39 _h4 _q205-228 _d1974 _g6 |
|
| 999 |
_c11164 _d11164 |
||